Statistiques concernant Les jeux vidéos les plus vendus de la NES

Cliquez ici pour prendre le quiz!

Statistiques générales

  • Ce quiz a été pris 98 fois
  • Le résultat moyen est 6 sur 15

Statistiques - réponses

Nombres d'exemplaires vendusNoms des jeux les plus vendus% Correct
40,24 millionsSuper Mario Bros
92%
6,51 millionsThe Legend of Zelda
83%
7,46 millionsSuper Mario Bros 2
60%
17,28 millionsSuper Mario Bros 3
59%
5,58 millionsTetris
48%
2,73 millionsMetroid
47%
4,38 millionsZelda II: The adventure of Link
40%
28,31 millionsDuck Hunt
38%
3,02 millionsPunch Out!!
23%
4,17 millionsTeenage Mutant Hero Turtles
22%
4,85 millionsDr. Mario
17%
4,16 millionsExcitebike
10%
4,01 millionsGolf
8%
3,20 millionsBaseball
3%
3,50 millionsKung-Fu Master
1%

Distribution des résultats

Percentile par nombre de réponses

% des personnes avec chaque résultat

Votre développement - résultats

Vous n’avez pas pris ce quiz